000
00302nam a2200121Ia 4500
008
240521s2006 xx 000 0 und d
041
_a
eng
082
_a
749.213
100
_a
KRISHEN P.
245
_a
TREES OF DELHI AFIELD GUIDE
260
_b
DORLING KINDERSLEY PVT LTD DELHI
_c
2006
300
_a
360
999
_c
1161052
_d
1161052